| 000 | 00612nam a2200181 i 4500 | ||
|---|---|---|---|
| 001 | 142285 | ||
| 003 | ES-MaACL | ||
| 005 | 20230906200502.0 | ||
| 007 | t| | ||
| 008 | 071004s1978 sp c |||| | spa d | ||
| 110 | 2 |
_aArchivo Municipal de Oviedo. _9167866 |
|
| 245 | 1 | 0 |
_aCatálogo-inventario del Archivo Municipal de la ciudad de Oviedo / _cMaría Palmira Villa González-Río. |
| 260 |
_aOviedo : _bAyuntamiento, _c1978. |
||
| 300 |
_aXXXIII, 659 p. ; _c32 cm. |
||
| 610 | 2 | 4 |
_aArchivo Municipal de Oviedo- _vCatálogos. _9167867 |
| 651 | 4 |
_aOviedo- _xHistoria- _vFuentes. _9157987 |
|
| 852 |
_aES-MaACL _jA-9900 |
||
| 999 |
_c142285 _d142285 |
||